000 00601nam a2200205 4500
003 OSt
005 20240725080510.0
006 a
008 240725b |||||||| |||| 00| 0 eng d
020 _a9780415450416
040 _aDWCL-Main lib.
_cOC
082 _aCirc. 658.4053 J54c 2010
100 _aJeong, Ho-Won
245 _aConflict management and resolution: an introduction /
260 _aLondon :
_bRoutledge,
_cc2010.
300 _axii,
_b243 p. ;
_c25 cm.
504 _aIncludes bibliographical references & index.
650 _a1. Conflict management.
942 _2ddc
_n0
_cBK-CIRC
_kCirc.
999 _c2749
_d2749